000 00396nam a2200133Ia 4500
008 151021s9999 xx 000 0 und d
050 _aTH146.B31999
245 _a_The construction of Buildings volume 1:Foundations,walls floors,roofs(4th ed.)
260 _aUK ELBS 1999
300 _a116p;ill.
500 _aIncludes index
650 _a_Construction
980 _a^d20110121 09:55:59^okorir
999 _c6327
_d6327